Island of Passion: (Record no. 11922)
[ view plain ]
| 000 -LEADER | |
|---|---|
| fixed length control field | 00683nam a22002292a 4500 |
| 001 - CONTROL NUMBER | |
| control field | 11922 |
| 003 - CONTROL NUMBER IDENTIFIER | |
| rucl marc code | BD-RjUL |
| 005 - DATE AND TIME OF LATEST TRANSACTION | |
| control field | 20211208235214.0 |
| 008 - FIXED-LENGTH DATA ELEMENTS--GENERAL INFORMATION | |
| fixed length control field | 140127s1962 enkab 000 0 eng d |
| 035 ## - SYSTEM CONTROL NUMBER | |
| System control number | OCLC ocm00261705 from D960424M |
| -- | (BD-RjUL)11971 |
| 040 ## - CATALOGING SOURCE | |
| Original cataloging agency | URB |
| Transcribing agency | URB |
| Modifying agency | UKM |
| -- | EQO |
| -- | BD-RjUL |
| Language of cataloging | eng |
| 041 ## - LANGUAGE CODE | |
| Language code of text/sound track or separate title | eng |
| 082 ## - DEWEY DECIMAL CLASSIFICATION NUMBER | |
| Classification number | 572.99622 |
| Edition number | 18 |
| Author mark and year | MAI 1962 |
| 090 ## - LOCALLY ASSIGNED LC-TYPE CALL NUMBER (OCLC); LOCAL CALL NUMBER (OCLC) | |
| Classification number (OCLC) (R) ; Classification number, CALL (RLIN) (NR) | DU900 |
| Local cutter number (OCLC) ; Book number/undivided call number, CALL (RLIN) | .M3 1962 |
| 100 1# - MAIN ENTRY--PERSONAL NAME | |
| Personal name | Marshall, Donald |
| Dates associated with a name | 1919-2005 |
| 9 (RLIN) | 36959 |
| 245 10 - TITLE STATEMENT | |
| Title | Island of Passion: |
| Remainder of title | Ra'ivavae. / |
| Statement of responsibility, etc. | Donald Marshall, |
| 260 ## - PUBLICATION, DISTRIBUTION, ETC. (IMPRINT) | |
| Place of publication, distribution, etc. | London : |
| Name of publisher, distributor, etc. | G. Allen & Unwin, |
| Date of publication, distribution, etc. | 1962 |
| 300 ## - PHYSICAL DESCRIPTION | |
| Pagination | 301 p. : |
| Illustrations | illus.map, |
| Size | 22 cm. |
| 651 #0 - SUBJECT ADDED ENTRY--GEOGRAPHIC NAME | |
| Geographic name | Raevavae Island |
| 9 (RLIN) | 36960 |
| 942 ## - ADDED ENTRY ELEMENTS (KOHA) | |
| Source of classification or shelving scheme | Dewey Decimal Classification |
| Koha item type | Books |
| Lost status | Source of classification or shelving scheme | Damaged status | Not for loan | Collection code | Permanent Location | Current Location | Shelving location | Date acquired | Source of acquisition | Cost, normal purchase price | Total Checkouts | Full call number | Date last seen | Copy number | Koha item type |
|---|---|---|---|---|---|---|---|---|---|---|---|---|---|---|---|
| Dewey Decimal Classification | Not For Loan | Non-fiction | Central Library, University of Rajshahi | Central Library, University of Rajshahi | Reading Room | 01/07/1963 | ZEITLINGER | 25.00 | 572.99622 MAI 1962 | 27/01/2014 | C-1 | Books |